| 000 | 00371cam a22001337a 4500 | ||
|---|---|---|---|
| 008 | 180718b1997 xxu||||| |||| 00| 0 eng d | ||
| 020 | _a0712677313 | ||
| 082 | _aA99 G151/C344r | ||
| 100 | _aChadha, Yogesh | ||
| 245 |
_aRediscovering Gandhi _cby Yogesh Chadha |
||
| 260 |
_aLondon _bCentury _c1997 |
||
| 300 | _a546p. | ||
| 650 | _aGandhi, Mohan Das Karam Chand - Biography | ||
| 999 |
_c381694 _d381694 |
||